000 00686nam a2200253Ia 4500
003 OSt
005 20220924114740.0
006 a|||||r|||| 00| 0
007 ta
008 220923b |||||||| |||| 00| 0 ara d
020 _c80.00
024 _a250495
037 _cTextual
040 _aARTS
_cARTS
_bara
041 _2ara
_aara
082 _aO28:gvJ, L9
100 _aDarvesh Mohammad Tahir Au.
_9175158
245 0 _aAl-naqd-al-adab indal Arab
260 _aCairo
_bDar-al-ma;arif Egypt
_c1979
300 _a370p.
_ccm.
650 _aARABIC LITERATURE
942 _hO28:gvJ, L9
_cTEXL
_2CC
999 _c395096
_d395096